Les pays où l'on boit le plus de vin - Statistiques

Statistiques générales
  • Ce quiz a été pris 821 fois
  • Le résultat moyen est 8 sur 10
Statistiques - réponses
Litres 000 Pays buvant du vin % Correct
2,790,000 France
100%
2,040,000 Italie
97%
1,000,000 Espagne
95%
3,217,500 États-Unis
94%
2,020,000 Allemagne
89%
1,580,000 Chine
85%
1,386,700 Royaume-Uni
81%
960,000 Russie
81%
540,000 Australie
65%
990,000 Argentine
52%
Aucun quiz correspondant
Distribution des résultats
% des personnes avec chaque résultat
Percentile par nombre de réponses
Votre historique - résultats
Vous n’avez pas pris ce quiz